Zagadnienia czytelnictwa w Polsce ludowej

Bibliographic Details
Format: Book
Language:Undetermined
PhysicalDescription:207 s.
Published: Warszawa Polskie wydawnictwa gospodarcze 1952

MARC

LEADER 00000nam a2200000 a 4500
001 vtls001262540
003 SK-MaSNL
005 20260223213553.0
008 961003s1952 xx 0 und
035 |a SNK000213432 
040 |a SNK  |b slo  |c SNK  |e AACR2 
245 1 |a Zagadnienia czytelnictwa w Polsce ludowej 
260 |a Warszawa  |b Polskie wydawnictwa gospodarcze  |c 1952 
300 |a 207 s. 
999 |c 712321  |d 714251 
952 |t P60, <04>, [BOOK], {604}  |a SNK  |b SNK  |y VYP  |7 0  |p 17A0010865  |o snkIC 9767  |0 0  |1 0  |4 0  |d 1996-10-03  |l 0  |r 2005-01-01 00:00:00  |w 2026-02-23